000 00299nam a22001097a 4500
003 SGT
082 _a370,PRE
100 _aPreeti Sahu-211001004
245 _aA Study of Academic Achievement of Secondary School Students in Relation to their Educational Aspiration
260 _c2021
942 _2ddc
_cTH
999 _c29391
_d29391